Construction of Meanings in Living and Artificial Agents

Enregistré dans:
Détails bibliographiques
Auteur principal: Takáč, Martin (Auteur)
Format: Manuscrit Livre
Langue:anglais
Publié: Bratislava : Univerzita Komenského v Bratislave, Fakulta matematiky, fyziky a informatiky, 2007
Sujets:
Tags: Ajouter un tag
Pas de tags, Soyez le premier à ajouter un tag!

MARC

LEADER 00000ntm a22000003a 4500
001 stu244210
005 20150617230151.8
008 120307s2007----xo------------------eng-d
040 |a STU  |b slo 
041 0 |a eng 
044 |a xo 
100 1 |a Takáč, Martin  |4 aut 
245 1 |a Construction of Meanings in Living and Artificial Agents 
260 |a Bratislava :  |b Univerzita Komenského v Bratislave, Fakulta matematiky, fyziky a informatiky,  |c 2007 
300 |a 171 s 
650 7 |a kognitívna sémantika  |2 stusub 
650 7 |a výpočtové modely  |2 stusub 
650 7 |a akvizícia jazyka  |2 stusub 
996 |b IDIZ49/12  |c I*DIZ49/12  |l II680  |s A  |a 24  |w stu244210_0001